[Event "10.Città di Padova Open A"]
[Site "Padova Ex Fornace Carotta"]
[Date "2007.12.15"]
[Round "1.9"]
[White "Kizov, Atanas"]
[Black "De Marchi, Alessandro"]
[Result "1-0"]
[WhiteElo "2396"]
[BlackElo "1719"]
[Annotator "Gabriele Ballarin"]
[PlyCount "41"]
[EventDate "2007.12.15"]
[EventType "swiss"]
[EventRounds "9"]
[EventCountry "ITA"]

1. d4 Nf6 2. c4 e6 3. Nf3 b6 4. a3 Bb7 5. Nc3 d5 6. Bg5 Be7 7. Bxf6 Bxf6 8. cxd5 exd5 9. Qa4+ c6 10. g3 O-O 11. Bg2 Nd7 12. O-O Re8 13. Rfd1 b5 14. Qc2 g6 15. e3 a5 16. a4 b4 17. Ne2 Qb6 18. Nf4 Rac8 19. Bh3 Rc7 20. Rac1 Nb8 21. Nxd5 1-0

[Event "10.Città di Padova Open A"]
[Site "Padova Ex Fornace Carotta"]
[Date "2007.12.15"]
[Round "1.10"]
[White "Chiesa, Roberto"]
[Black "De Santis, Alessio"]
[Result "0-1"]
[WhiteElo "1709"]
[BlackElo "2367"]
[Annotator "Gabriele Ballarin"]
[PlyCount "58"]
[EventDate "2007.12.15"]
[EventType "swiss"]
[EventRounds "9"]
[EventCountry "ITA"]

1. d4 d6 2. c4 f5 3. Nf3 Nf6 4. Bf4 g6 5. h3 Bg7 6. e3 O-O 7. Be2 Qe8 8. O-O Nbd7 9. Nc3 c6 10. d5 Nc5 11. Rc1 a5 12. b3 h6 13. a3 g5 14. b4 axb4 15. axb4 Nfe4 16. Nxe4 fxe4 17. Nxg5 hxg5 18. Bxg5 Nd3 19. Bxd3 exd3 20. Qxd3 Bf5 21. e4 Qg6 22. Bxe7 Bxe4 23. Qg3 Qxg3 24. fxg3 Bd4+ 25. Kh2 Rxf1 26. Rxf1 Ra2 27. Rf4 Rxg2+ 28. Kh1 Rg1+ 29. Kh2 Rh1# 0-1

[Event "10.Città di Padova Open A"]
[Site "Padova Ex Fornace Carotta"]
[Date "2007.12.15"]
[Round "1.11"]
[White "Rossi, Carlo"]
[Black "Battagin_214, Mosè"]
[Result "1-0"]
[WhiteElo "2342"]
[BlackElo "1701"]
[Annotator "Gabriele Ballarin"]
[PlyCount "27"]
[EventDate "2007.12.15"]
[EventType "swiss"]
[EventRounds "9"]
[EventCountry "ITA"]

1. f4 d6 2. Nf3 g6 3. e4 Bg7 4. Bc4 Nf6 5. e5 dxe5 6. fxe5 Nd5 7. d4 O-O 8. O-O h6 9. Qe1 e6 10. Qg3 c5 11. Qh3 Nc6 12. Bxh6 Nxd4 13. Ng5 b5 14. Bxg7 1-0

[Event "10.Città di Padova Open A"]
[Site "Padova Ex Fornace Carotta"]
[Date "2007.12.15"]
[Round "1.12"]
[White "Conflitti, Alessandro"]
[Black "Navarro, Stefano"]
[Result "0-1"]
[WhiteElo "1664"]
[BlackElo "2258"]
[Annotator "Gabriele Ballarin"]
[PlyCount "80"]
[EventDate "2007.12.15"]
[EventType "swiss"]
[EventRounds "9"]
[EventCountry "ITA"]

1. e4 e5 2. Nf3 Nc6 3. Nc3 Nf6 4. d4 exd4 5. Nxd4 Bb4 6. Nxc6 bxc6 7. Bd3 d5 8. exd5 cxd5 9. O-O O-O 10. Bg5 c6 11. Na4 Re8 12. c3 Be7 13. Re1 Be6 14. Qc2 h6 15. Bh4 Qc7 16. c4 d4 17. c5 Nh5 18. Bxe7 Rxe7 19. Re4 Bd5 20. Rxd4 Qe5 21. Qd2 Rae8 22. Bf1 Nf6 23. Nc3 Be6 24. Rc1 Rd7 25. Rxd7 Bxd7 26. b4 Ng4 27. Qd6 Qf5 28. Qg3 Re5 29. Bd3 Qe6 30. h3 Nf6 31. Qf4 Nh5 32. Qc4 Qe7 33. Ne4 Be6 34. Qc2 Nf4 35. a4 Bd5 36. f3 f5 37. Ng3 Qg5 38. Nxf5 Nxd3 39. Qxd3 Qxc1+ 40. Kf2 Qe1# 0-1

[Event "10.Città di Padova Open A"]
[Site "Padova Ex Fornace Carotta"]
[Date "2007.12.15"]
[Round "1.13"]
[White "Rettore, Ludwig"]
[Black "Zanini, Andrea"]
[Result "1-0"]
[WhiteElo "2177"]
[BlackElo "1646"]
[Annotator "Gabriele Ballarin"]
[PlyCount "65"]
[EventDate "2007.12.15"]
[EventType "swiss"]
[EventRounds "9"]
[EventCountry "ITA"]

1. e4 d6 2. d4 g6 3. Nc3 Bg7 4. f4 e6 5. Nf3 Ne7 6. Bd3 a6 7. O-O Nd7 8. f5 h6 9. fxe6 fxe6 10. Ne2 e5 11. Bc4 b5 12. Ng5 hxg5 13. Bf7+ Kf8 14. Be6+ Ke8 15. Bf7+ Kf8 16. Bd5+ Ke8 17. Bxa8 c6 18. Bxg5 Qc7 19. c3 Nb6 20. Qb3 d5 21. Bxe7 Kxe7 22. exd5 Nxd5 23. c4 Nb6 24. cxb5 Be6 25. Qa3+ Kd8 26. Bxc6 axb5 27. Bxb5 exd4 28. Ng3 Bd5 29. Rae1 Bc6 30. Bxc6 Qxc6 31. Qe7+ Kc8 32. Qxg7 Re8 33. Rc1 1-0

[Event "10.Città di Padova Open A"]
[Site "Padova Ex Fornace Carotta"]
[Date "2007.12.15"]
[Round "1.14"]
[White "Palumbo, Giuseppe"]
[Black "Sgaravatti, Francesco"]
[Result "0-1"]
[WhiteElo "1613"]
[BlackElo "2175"]
[Annotator "Gabriele Ballarin"]
[PlyCount "59"]
[EventDate "2007.12.15"]
[EventType "swiss"]
[EventRounds "9"]
[EventCountry "ITA"]

1. e4 Nf6 2. e5 Nd5 3. d4 d6 4. Nf3 Bg4 5. Be2 c6 6. c4 Nc7 7. exd6 exd6 8. O-O Be7 9. Nc3 O-O 10. b3 Nd7 11. Ne4 d5 12. Ng3 Re8 13. h3 Be6 14. Bf4 Nf8 15. Ne5 Ng6 16. Nxg6 hxg6 17. Bd3 Bf6 18. Be3 dxc4 19. Bxc4 Nd5 20. Ne4 Be7 21. Qf3 Qa5 22. a4 Rad8 23. Bg5 Bf5 24. Bxe7 Rxe7 25. Ng3 Be6 26. Rfe1 Bg4 27. Qxg4 Rxe1+ 28. Rxe1 Qxe1+ 29. Kh2 Qxf2 30. h4 0-1

[Event "10.Città di Padova Open A"]
[Site "Padova Ex Fornace Carotta"]
[Date "2007.12.15"]
[Round "1.15"]
[White "Pomaro, Alberto"]
[Black "Pichierri, Gianmatteo"]
[Result "1-0"]
[WhiteElo "2153"]
[BlackElo "1569"]
[Annotator "Gabriele Ballarin"]
[PlyCount "37"]
[EventDate "2007.12.15"]
[EventType "swiss"]
[EventRounds "9"]
[EventCountry "ITA"]

1. e4 e5 2. Nf3 Nc6 3. Bb5 a6 4. Ba4 Nf6 5. O-O b5 6. Bb3 Bc5 7. c3 O-O 8. d4 exd4 9. cxd4 Bb6 10. e5 Ne8 11. Bg5 Ne7 12. Qd3 Kh8 13. Bc2 g6 14. Qe4 Rb8 15. Qh4 f6 16. exf6 Nxf6 17. Bxf6+ Rxf6 18. Qxf6+ Kg8 19. Re1 1-0

[Event "10.Città di Padova Open A"]
[Site "Padova Ex Fornace Carotta"]
[Date "2007.12.15"]
[Round "1.16"]
[White "Franz, Paolo"]
[Black "Opacic, Alexandar"]
[Result "0-1"]
[WhiteElo "1500"]
[BlackElo "2109"]
[Annotator "Gabriele Ballarin"]
[PlyCount "50"]
[EventDate "2007.12.15"]
[EventType "swiss"]
[EventRounds "9"]
[EventCountry "ITA"]

1. e4 c5 2. Nf3 e6 3. d4 cxd4 4. Nxd4 a6 5. Nc3 Qc7 6. Be3 Nf6 7. Be2 Bb4 8. Qd3 Nxe4 9. O-O Nxc3 10. bxc3 Bxc3 11. Rab1 d5 12. Rb3 Ba5 13. f4 Nd7 14. Nf3 Nc5 15. Bxc5 Qxc5+ 16. Kh1 f6 17. Nh4 O-O 18. Qh3 e5 19. f5 b5 20. Rg3 Ra7 21. Qg4 g5 22. Qh5 Rg7 23. Qh6 e4 24. Ng6 hxg6 25. fxg6 Qxc2 0-1

[Event "10.Città di Padova Open A"]
[Site "Padova Ex Fornace Carotta"]
[Date "2007.12.15"]
[Round "1.17"]
[White "Panican, Gheorghe"]
[Black "Lodi, Paolo"]
[Result "1-0"]
[WhiteElo "2104"]
[BlackElo "1465"]
[Annotator "Gabriele Ballarin"]
[PlyCount "47"]
[EventDate "2007.12.15"]
[EventType "swiss"]
[EventRounds "9"]
[EventCountry "ITA"]

1. e4 e6 2. d4 d5 3. e5 c5 4. c3 Nc6 5. Nf3 Qb6 6. Bd3 cxd4 7. cxd4 Bd7 8. Be2 Nge7 9. Na3 a6 10. O-O Nf5 11. Nc2 Be7 12. b3 f6 13. g4 Nh6 14. exf6 Bf8 15. Bxh6 gxh6 16. Kh1 Qd8 17. g5 Qc7 18. h4 Qf4 19. Rg1 Bd6 20. Qd2 Qf5 21. Rg2 Bf4 22. Qd3 Qh3+ 23. Kg1 Kf7 24. Ne5+ 1-0

[Event "10.Città di Padova Open A"]
[Site "Padova Ex Fornace Carotta"]
[Date "2007.12.15"]
[Round "1.18"]
[White "Fortunato, Lorenzo"]
[Black "Cardili, Mariano"]
[Result "0-1"]
[WhiteElo "1440"]
[BlackElo "2100"]
[Annotator "Gabriele Ballarin"]
[PlyCount "48"]
[EventDate "2007.12.15"]
[EventType "swiss"]
[EventRounds "9"]
[EventCountry "ITA"]

1. e4 e6 2. d3 d5 3. Nd2 c5 4. g3 Nc6 5. Bg2 Nf6 6. Ngf3 Be7 7. O-O O-O 8. Re1 b5 9. b3 Qc7 10. Bb2 Bb7 11. exd5 exd5 12. c4 bxc4 13. dxc4 d4 14. a3 Rfd8 15. b4 cxb4 16. axb4 Bxb4 17. Ne4 Bxe1 18. Nxf6+ gxf6 19. Nxe1 Ne5 20. Bxb7 Qxb7 21. Bxd4 Qe4 22. Qh5 Qxd4 23. Ra6 Qd1 24. Kf1 Qxh5 0-1

[Event "10.Città di Padova Open A"]
[Site "Padova Ex Fornace Carotta"]
[Date "2007.12.15"]
[Round "1.19"]
[White "Stiz, Massimiliano"]
[Black "Topollaj, Mark"]
[Result "0-1"]
[WhiteElo "2086"]
[BlackElo "1413"]
[Annotator "Gabriele Ballarin"]
[PlyCount "36"]
[EventDate "2007.12.15"]
[EventType "swiss"]
[EventRounds "9"]
[EventCountry "ITA"]

1. e4 e6 2. d4 d5 3. e5 c5 4. Qg4 cxd4 5. Nf3 Nc6 6. a3 Qc7 7. Bf4 Nge7 8. Bd3 Ng6 9. Qg3 Bd7 10. h4 Nxf4 11. Qxf4 g6 12. O-O Bg7 13. Re1 O-O 14. h5 f6 15. hxg6 h6 16. Qh2 Nxe5 17. Nxd4 Qb6 18. Nb3 Nxd3 0-1

[Event "10.Città di Padova Open A"]
[Site "Padova Ex Fornace Carotta"]
[Date "2007.12.15"]
[Round "1.20"]
[White "Mazzella, Riccardo"]
[Black "Gallo, Enrico"]
[Result "0-1"]
[WhiteElo "1371"]
[BlackElo "2077"]
[Annotator "Gabriele Ballarin"]
[PlyCount "96"]
[EventDate "2007.12.15"]
[EventType "swiss"]
[EventRounds "9"]
[EventCountry "ITA"]

1. d4 Nf6 2. c4 c5 3. Nf3 cxd4 4. Nxd4 Nc6 5. e3 e6 6. a3 Be7 7. Nc3 O-O 8. Bd3 d6 9. Bc2 Bd7 10. O-O Rc8 11. Re1 Qa5 12. Bd2 Nxd4 13. Ne4 Qb6 14. exd4 Rxc4 15. Bc3 d5 16. Nxf6+ Bxf6 17. Qd3 g6 18. b3 Rxc3 19. Qxc3 Rc8 20. Qd3 Bxd4 21. Qd2 Bc3 22. Qe2 Bxa1 23. Rxa1 Bb5 24. Qd2 Qc5 25. a4 Qxc2 26. Qxc2 Rxc2 27. axb5 Rb2 28. g3 Rxb3 29. Rxa7 Rxb5 30. Ra8+ Kg7 31. Kf1 Rb2 32. Ke1 Kf6 33. Rh8 h5 34. h4 Ke5 35. Rc8 f6 36. Rc3 d4 37. Rc5+ Ke4 38. Rc4 e5 39. Ra4 g5 40. hxg5 fxg5 41. Ra3 g4 42. Ra4 b5 43. Ra1 b4 44. Kf1 Kf3 45. Rd1 Rxf2+ 46. Kg1 Re2 47. Rb1 Kxg3 48. Rb3+ Re3 0-1

[Event "10.Città di Padova Open A"]
[Site "Padova Ex Fornace Carotta"]
[Date "2007.12.16"]
[Round "2.1"]
[White "Navarro, Stefano"]
[Black "Lazic, Miroljub"]
[Result "0-1"]
[WhiteElo "2258"]
[BlackElo "2492"]
[Annotator "Gabriele Ballarin"]
[PlyCount "72"]
[EventDate "2007.12.15"]
[EventType "swiss"]
[EventRounds "9"]
[EventCountry "ITA"]

1. e4 d5 2. exd5 Qxd5 3. Nc3 Qd8 4. Bc4 c6 5. d4 Nf6 6. Nf3 Bf5 7. Ne5 e6 8. g4 Bg6 9. Bg5 Qb6 10. Bb3 Nbd7 11. Nxd7 Nxd7 12. Qe2 h6 13. Bh4 Bd6 14. O-O-O O-O 15. Bg3 Qc7 16. Qd2 b5 17. Bxd6 Qxd6 18. h4 a5 19. h5 a4 20. hxg6 axb3 21. gxf7+ Rxf7 22. cxb3 b4 23. Na4 Raf8 24. Rhf1 Rf4 25. Qc2 Qd5 26. Qc4 Rxg4 27. Qxb4 e5 28. Nc3 Qf7 29. Qd6 Rg2 30. Qc7 Qf4+ 31. Kb1 Qf5+ 32. Ka1 exd4 33. Rxd4 Ne5 34. Rfd1 Ng4 35. Rd8 Kh7 36. Rxf8 Qxf8 0-1

[Event "10.Città di Padova Open A"]
[Site "Padova Ex Fornace Carotta"]
[Date "2007.12.16"]
[Round "2.2"]
[White "Sgaravatti, Francesco"]
[Black "Laketic, Gojko"]
[Result "0-1"]
[WhiteElo "2175"]
[BlackElo "2433"]
[Annotator "Gabriele Ballarin"]
[PlyCount "67"]
[EventDate "2007.12.15"]
[EventType "swiss"]
[EventRounds "9"]
[EventCountry "ITA"]

1. e4 Nf6 2. e5 Nd5 3. d4 d6 4. c4 Nb6 5. exd6 cxd6 6. Nc3 g6 7. Be3 Bg7 8. h3 O-O 9. Rc1 d5 10. c5 Nc4 11. Bxc4 dxc4 12. Nf3 Bf5 13. O-O Bd3 14. Re1 Nc6 15. b3 e6 16. Nb5 e5 17. bxc4 e4 18. d5 Nb4 19. Nfd4 Nxa2 20. Ra1 Nb4 21. Qb3 a5 22. Bd2 Qh4 23. Rxa5 Rxa5 24. Bxb4 Raa8 25. c6 bxc6 26. Nxc6 e3 27. g3 Qxc4 28. Qxc4 Bxc4 29. Nd6 exf2+ 30. Kxf2 Ra2+ 31. Kg1 Ba6 32. Ne8 Re2 33. Rxe2 Bxe2 34. Bxf8 0-1

[Event "10.Città di Padova Open A"]
[Site "Padova Ex Fornace Carotta"]
[Date "2007.12.16"]
[Round "2.3"]
[White "Okhotnik, Vladimir"]
[Black "Rossi, Carlo"]
[Result "1-0"]
[WhiteElo "2433"]
[BlackElo "2342"]
[Annotator "Gabriele Ballarin"]
[PlyCount "68"]
[EventDate "2007.12.15"]
[EventType "swiss"]
[EventRounds "9"]
[EventCountry "ITA"]

1. e4 c6 2. d4 d5 3. e5 Bf5 4. h4 h5 5. c4 e6 6. Bg5 Be7 7. Qd2 Nd7 8. cxd5 cxd5 9. Nc3 a6 10. Nge2 Rc8 11. Ng3 Bg6 12. Rc1 Nb6 13. Bxe7 Nxe7 14. b3 Nd7 15. Be2 Nf5 16. Nxf5 Bxf5 17. O-O Qxh4 18. Nxd5 Rxc1 19. Rxc1 O-O 20. g3 Qd8 21. Rc8 Qxc8 22. Ne7+ Kh7 23. Qg5 g6 24. Nxc8 Rxc8 25. Qe7 Rc1+ 26. Kg2 Nb6 27. Qxf7+ Kh6 28. Qf8+ Kh7 29. Qe7+ Kh6 30. Qd8 Nd5 31. Qh8+ Kg5 32. f4+ Nxf4+ 33. gxf4+ Kxf4 34. Qh6+ g5 1-0

[Event "10.Città di Padova Open A"]
[Site "Padova Ex Fornace Carotta"]
[Date "2007.12.16"]
[Round "2.4"]
[White "Opacic, Alexandar"]
[Black "Dragojlovic, Andjelko"]
[Result "0-1"]
[WhiteElo "2109"]
[BlackElo "2409"]
[Annotator "Gabriele Ballarin"]
[PlyCount "68"]
[EventDate "2007.12.15"]
[EventType "swiss"]
[EventRounds "9"]
[EventCountry "ITA"]

1. e4 c5 2. Nf3 g6 3. d4 cxd4 4. Qxd4 Nf6 5. e5 Nc6 6. Qa4 Nd5 7. c4 Nc7 8. b4 a6 9. Bb2 Bg7 10. a3 O-O 11. Qb3 Ne6 12. Nbd2 Qc7 13. Qe3 Qb8 14. b5 Na5 15. Bd3 b6 16. O-O Nc5 17. Bc2 Bb7 18. Rfe1 d6 19. Bd1 Ra7 20. Rb1 Bxf3 21. Bxf3 axb5 22. cxb5 dxe5 23. Bxe5 Bxe5 24. Qxe5 Qxe5 25. Rxe5 Rd8 26. Re2 Rd3 27. h4 Rxa3 28. h5 Kg7 29. hxg6 hxg6 30. Re5 Rd7 31. Nf1 Nc4 32. Rxc5 bxc5 33. b6 Rd8 34. b7 Rb8 0-1

[Event "10.Città di Padova Open A"]
[Site "Padova Ex Fornace Carotta"]
[Date "2007.12.16"]
[Round "2.5"]
[White "Mrdja, Milan"]
[Black "Rettore, Ludwig"]
[Result "1-0"]
[WhiteElo "2408"]
[BlackElo "2177"]
[Annotator "Gabriele Ballarin"]
[PlyCount "55"]
[EventDate "2007.12.15"]
[EventType "swiss"]
[EventRounds "9"]
[EventCountry "ITA"]

1. e4 e5 2. Bc4 Nf6 3. d3 Bc5 4. Nf3 d6 5. c3 Nc6 6. O-O a6 7. a4 Ba7 8. Kh1 O-O 9. Bg5 h6 10. Bh4 Be6 11. Nbd2 Qe7 12. Qe2 Bxc4 13. Nxc4 Qe6 14. Rae1 Nh5 15. Ne3 Nf4 16. Qd1 Qg6 17. Bg3 Bxe3 18. Rxe3 Ne6 19. d4 exd4 20. cxd4 Nb4 21. Qd2 a5 22. Nh4 Qf6 23. Nf5 Ng5 24. f3 Kh7 25. d5 g6 26. Nd4 Rfe8 27. Rc1 c5 28. Nb5 1-0

[Event "10.Città di Padova Open A"]
[Site "Padova Ex Fornace Carotta"]
[Date "2007.12.16"]
[Round "2.6"]
[White "Cardili, Mariano"]
[Black "Manca, Federico"]
[Result "1/2-1/2"]
[WhiteElo "2100"]
[BlackElo "2405"]
[Annotator "Gabriele Ballarin"]
[PlyCount "48"]
[EventDate "2007.12.15"]
[EventType "swiss"]
[EventRounds "9"]
[EventCountry "ITA"]

1. d4 d5 2. c4 e6 3. Nc3 c5 4. cxd5 exd5 5. Nf3 Nc6 6. g3 Nf6 7. Bg2 Be7 8. O-O O-O 9. Bg5 cxd4 10. Nxd4 h6 11. Be3 Re8 12. Rc1 Bg4 13. Re1 Qd7 14. Nxc6 bxc6 15. Na4 Rab8 16. Bc5 Bd8 17. a3 Bh3 18. Bf3 Ne4 19. Bd4 Ng5 20. Bh1 Bg4 21. Bg2 Bh3 22. Bh1 Bg4 23. Bg2 Bh3 24. Bh1 Bg4 1/2-1/2

[Event "10.Città di Padova Open A"]
[Site "Padova Ex Fornace Carotta"]
[Date "2007.12.16"]
[Round "2.7"]
[White "Vuelban, Virgilio"]
[Black "Pomaro, Alberto"]
[Result "0-1"]
[WhiteElo "2399"]
[BlackElo "2153"]
[Annotator "Gabriele Ballarin"]
[PlyCount "88"]
[EventDate "2007.12.15"]
[EventType "swiss"]
[EventRounds "9"]
[EventCountry "ITA"]

1. e4 e6 2. d4 d5 3. Nc3 Bb4 4. e5 c5 5. a3 Bxc3+ 6. bxc3 Ne7 7. Qg4 O-O 8. Nf3 f5 9. exf6 Rxf6 10. Ne5 Nbc6 11. Bd3 c4 12. Bg5 Nxe5 13. dxe5 Rf7 14. Be2 Qc7 15. Bxe7 Qxe5 16. Bb4 a5 17. O-O axb4 18. cxb4 Qc3 19. Qg3 Qxc2 20. Bh5 Rf8 21. Qe3 Qf5 22. Bf3 Qf4 23. Qc5 Ra6 24. b5 Qd6 25. Qe3 Ra5 26. a4 Bd7 27. Bd1 Bxb5 28. Bc2 Rfa8 29. Rab1 Bc6 30. Qh3 h6 31. Rfe1 Re8 32. Qh5 Rf8 33. Qg6 Rf6 34. Qh7+ Kf7 35. Re3 Qf8 36. Bd1 d4 37. Rg3 Raf5 38. Bg4 Qg8 39. Bxf5 exf5 40. Qxg8+ Kxg8 41. Rd1 d3 42. a5 f4 43. Rh3 Bd7 44. Kf1 Bxh3 0-1

[Event "10.Città di Padova Open A"]
[Site "Padova Ex Fornace Carotta"]
[Date "2007.12.16"]
[Round "2.8"]
[White "Gallo, Enrico"]
[Black "Kizov, Atanas"]
[Result "1/2-1/2"]
[WhiteElo "2077"]
[BlackElo "2396"]
[Annotator "Gabriele Ballarin"]
[PlyCount "81"]
[EventDate "2007.12.15"]
[EventType "swiss"]
[EventRounds "9"]
[EventCountry "ITA"]

1. e4 e5 2. Nf3 Nc6 3. Bb5 Nf6 4. O-O Nxe4 5. Re1 Nd6 6. Nxe5 Be7 7. Ba4 Nxe5 8. Rxe5 O-O 9. d4 Nc4 10. Re1 d5 11. Qf3 Bg5 12. Bxg5 Qxg5 13. Bb3 Nb6 14. Nc3 c6 15. h3 a5 16. a4 Bd7 17. Re5 Qh4 18. Ne2 Rfe8 19. Nf4 Rxe5 20. dxe5 Re8 21. Re1 Be6 22. c3 Nd7 23. Bc2 Qg5 24. Qe3 g6 25. g3 Qd8 26. g4 Qh4 27. Ng2 Qd8 28. f4 Nf8 29. f5 Bc8 30. Qh6 Qc7 31. f6 Ne6 32. Nf4 Rd8 33. Rf1 Rd7 34. Kh1 Qxe5 35. Nxe6 fxe6 36. Bxg6 hxg6 37. Qxg6+ Kf8 38. Qh6+ Ke8 39. Qg6+ Kf8 40. Qh6+ Kg8 41. Qg6+ 1/2-1/2

[Event "10.Città di Padova Open A"]
[Site "Padova Ex Fornace Carotta"]
[Date "2007.12.16"]
[Round "2.9"]
[White "De Santis, Alessio"]
[Black "Panican, Gheorghe"]
[Result "1-0"]
[WhiteElo "2367"]
[BlackElo "2104"]
[Annotator "Gabriele Ballarin"]
[PlyCount "96"]
[EventDate "2007.12.15"]
[EventType "swiss"]
[EventRounds "9"]
[EventCountry "ITA"]

1. d4 Nf6 2. c4 g6 3. Nc3 Bg7 4. e4 d6 5. Be2 O-O 6. Bg5 c5 7. d5 e6 8. Qd2 exd5 9. cxd5 a6 10. a4 Nbd7 11. Nf3 Re8 12. O-O Qc7 13. Qc2 h6 14. Bd2 b6 15. Rfe1 Rb8 16. h3 Bb7 17. Bf4 Rbc8 18. Nd2 Nh7 19. Nc4 Ne5 20. Nxe5 dxe5 21. Be3 Rcd8 22. Red1 Bf8 23. Bc4 h5 24. Rac1 Qc8 25. Qb3 Rd6 26. Be2 Kh8 27. g4 hxg4 28. hxg4 g5 29. Kg2 f6 30. Rh1 Re7 31. Rh3 Rg7 32. Rch1 Qd7 33. f3 Qc7 34. Bc4 Be7 35. Qd1 Kg8 36. Qf1 Qc8 37. Ne2 Qa8 38. R1h2 Nf8 39. Rh8+ Kf7 40. Qh1 Ke8 41. Ng3 Bc8 42. R2h7 Rxh7 43. Qxh7 Qb7 44. Qh5+ Kd8 45. Qf7 b5 46. Nf5 Bxf5 47. Rxf8+ Kc7 48. Qxe7+ Bd7 1-0

[Event "10.Città di Padova Open A"]
[Site "Padova Ex Fornace Carotta"]
[Date "2007.12.16"]
[Round "2.11"]
[White "Naumkin, Igor"]
[Black "Stiz, Massimiliano"]
[Result "1-0"]
[WhiteElo "2486"]
[BlackElo "2086"]
[Annotator "Gabriele Ballarin"]
[PlyCount "51"]
[EventDate "2007.12.15"]
[EventType "swiss"]
[EventRounds "9"]
[EventCountry "ITA"]

1. d4 f5 2. Nf3 Nf6 3. Bg5 e6 4. Nbd2 Be7 5. Bxf6 Bxf6 6. e4 fxe4 7. Nxe4 b6 8. Bd3 Ba6 9. c3 Bxd3 10. Qxd3 Nc6 11. O-O-O Ne7 12. h4 Nd5 13. Neg5 g6 14. a3 c6 15. c4 Nc7 16. Rhe1 Kf8 17. Kb1 b5 18. cxb5 cxb5 19. d5 exd5 20. Rc1 Kg7 21. Nd4 Bxg5 22. hxg5 Re8 23. Qc3 Kf7 24. Rh1 Ne6 25. Rxh7+ Ng7 26. Rxg7+ 1-0

[Event "10.Città di Padova Open A"]
[Site "Padova Ex Fornace Carotta"]
[Date "2007.12.16"]
[Round "2.12"]
[White "Faccia, Sergio"]
[Black "Conflitti, Alessandro"]
[Result "1-0"]
[WhiteElo "2071"]
[BlackElo "1664"]
[Annotator "Gabriele Ballarin"]
[PlyCount "51"]
[EventDate "2007.12.15"]
[EventType "swiss"]
[EventRounds "9"]
[EventCountry "ITA"]

1. e4 e6 2. c4 c5 3. Nf3 Nc6 4. d4 cxd4 5. Nxd4 a6 6. Be2 Qc7 7. O-O Nf6 8. Nc3 Be7 9. Kh1 O-O 10. f4 d6 11. Be3 b6 12. Re1 Bb7 13. Nd5 Qd8 14. Nxc6 Bxc6 15. Bxb6 Qd7 16. Nxe7+ Qxe7 17. e5 dxe5 18. fxe5 Qb7 19. Bf3 Bxf3 20. Qxf3 Qxb6 21. exf6 Qxb2 22. Qg3 g6 23. Qg5 Kh8 24. Re3 Rad8 25. Qh6 Rg8 26. Qxh7+ 1-0

[Event "10.Città di Padova Open A"]
[Site "Padova Ex Fornace Carotta"]
[Date "2007.12.16"]
[Round "2.13"]
[White "Casciello, Dimitri"]
[Black "Palumbo, Giuseppe"]
[Result "1-0"]
[WhiteElo "2017"]
[BlackElo "1613"]
[Annotator "Gabriele Ballarin"]
[PlyCount "37"]
[EventDate "2007.12.15"]
[EventType "swiss"]
[EventRounds "9"]
[EventCountry "ITA"]

1. e4 c5 2. Nf3 d6 3. d4 cxd4 4. Nxd4 Nf6 5. Nc3 a6 6. h3 e6 7. g4 Be7 8. Bg2 Qc7 9. Be3 Nc6 10. g5 Nd7 11. f4 Nxd4 12. Qxd4 e5 13. Qd2 exf4 14. Nd5 Qd8 15. Bxf4 Ne5 16. Nxe7 Kxe7 17. O-O-O Be6 18. Bxe5 dxe5 19. Qb4+ 1-0

[Event "10.Città di Padova Open A"]
[Site "Padova Ex Fornace Carotta"]
[Date "2007.12.16"]
[Round "2.14"]
[White "Rossi, Giampiero"]
[Black "Franz, Paolo"]
[Result "1-0"]
[WhiteElo "1991"]
[BlackElo "1500"]
[Annotator "Gabriele Ballarin"]
[PlyCount "99"]
[EventDate "2007.12.15"]
[EventType "swiss"]
[EventRounds "9"]
[EventCountry "ITA"]

1. d4 Nf6 2. c4 d6 3. Nc3 g6 4. g3 Bg7 5. Bg2 O-O 6. Nf3 Re8 7. O-O Nbd7 8. Qc2 c5 9. Rd1 Rb8 10. b3 b6 11. Bb2 Bb7 12. d5 a6 13. a4 Qc7 14. e3 Rbd8 15. Rd2 Ng4 16. h3 Nge5 17. Nxe5 Nxe5 18. f4 Nd7 19. Rad1 Nf6 20. Kh2 Bc8 21. e4 Nh5 22. Ne2 Bxb2 23. Qxb2 Bd7 24. g4 Ng7 25. Ng3 Qc8 26. f5 Rf8 27. Rf1 Rde8 28. Rdf2 a5 29. e5 dxe5 30. Qxe5 Qb8 31. Qxb8 Rxb8 32. Re2 Rfe8 33. fxg6 hxg6 34. Be4 e6 35. Ref2 Rf8 36. Bg2 Ne8 37. dxe6 Bxe6 38. Ne4 Rd8 39. Ng5 Nc7 40. Nxe6 Nxe6 41. Bd5 Rde8 42. Rf6 Re7 43. Bxe6 Rxe6 44. Rxe6 fxe6 45. Rxf8+ Kxf8 46. h4 Kf7 47. Kg3 Kf6 48. Kf4 e5+ 49. Ke4 Ke6 50. h5 1-0

[Event "10.Città di Padova Open A"]
[Site "Padova Ex Fornace Carotta"]
[Date "2007.12.16"]
[Round "2.15"]
[White "Battagin_214, Mosè"]
[Black "Belloni, Umberto"]
[Result "1/2-1/2"]
[WhiteElo "1701"]
[BlackElo "1912"]
[Annotator "Gabriele Ballarin"]
[PlyCount "70"]
[EventDate "2007.12.15"]
[EventType "swiss"]
[EventRounds "9"]
[EventCountry "ITA"]

1. e4 e6 2. d4 d5 3. Nc3 dxe4 4. Nxe4 Nf6 5. Bd3 Bd7 6. Nf3 Bc6 7. Qe2 Nxe4 8. Bxe4 Bxe4 9. Qxe4 Qd5 10. Qe2 c6 11. Bd2 Be7 12. c4 Qf5 13. Bc3 Nd7 14. O-O O-O 15. b4 Rfe8 16. Rad1 Bf6 17. Rfe1 Nf8 18. a4 Ng6 19. b5 Rac8 20. c5 Nf4 21. Qe4 Qxe4 22. Rxe4 Nd5 23. Be1 h6 24. g3 Ra8 25. Kg2 g6 26. Re2 Kf8 27. Rc2 Reb8 28. Rb1 a6 29. Bd2 h5 30. Be3 axb5 31. axb5 Rc8 32. Rb3 Kg7 33. Rcb2 Nc7 34. b6 Nd5 35. Rd3 Ra4 1/2-1/2

[Event "10.Città di Padova Open A"]
[Site "Padova Ex Fornace Carotta"]
[Date "2007.12.16"]
[Round "2.16"]
[White "Moratto, Davide"]
[Black "Fortunato, Lorenzo"]
[Result "1-0"]
[WhiteElo "1855"]
[BlackElo "1440"]
[Annotator "Gabriele Ballarin"]
[PlyCount "73"]
[EventDate "2007.12.15"]
[EventType "swiss"]
[EventRounds "9"]
[EventCountry "ITA"]

1. e4 e5 2. Nf3 Nc6 3. Bb5 Nge7 4. O-O a6 5. Ba4 d6 6. d4 exd4 7. Nxd4 Bd7 8. Bb3 g6 9. Bg5 Bg7 10. c3 O-O 11. Qd2 Re8 12. Na3 Na5 13. Bc2 c5 14. Ne2 Qb6 15. Rab1 Be6 16. b3 Rad8 17. Nf4 d5 18. Nxe6 Qxe6 19. c4 b6 20. exd5 Qd6 21. Bf4 Be5 22. Bxe5 Qxe5 23. Rfe1 Qf6 24. Be4 Nac6 25. Rbd1 Nd4 26. Nc2 Nec6 27. dxc6 Rxe4 28. Rxe4 Nf3+ 29. gxf3 Rxd2 30. Rxd2 Qg5+ 31. Kf1 Qxd2 32. Re8+ Kg7 33. c7 Qd3+ 34. Kg2 Qxc2 35. c8=Q Qxa2 36. Rg8+ Kh6 37. Qg4 1-0